Musiciens par images #1 - Statistiques

Statistiques générales
  • Ce quiz a été pris 1 211 fois
  • Le résultat moyen est 14 sur 20
Statistiques - réponses
Par images Réponse % Correct
Céline Dion
97%
Stromae
97%
Eminem
95%
Shakira
94%
Ed Sheeran
93%
Indila
86%
Wolfgang Amadeus Mozart
82%
Booba
81%
Charles Aznavour
81%
Britney Spears
79%
Mariah Carey
77%
Elton John
74%
Calogero
67%
50 Cent
63%
Lomepal
60%
Prince
60%
Michel Sardou
55%
Kendrick Lamar
34%
Aretha Franklin
32%
George Harrison
18%
Aucun quiz correspondant
Distribution des résultats
% des personnes avec chaque résultat
Percentile par nombre de réponses
Votre historique - résultats
Vous n’avez pas pris ce quiz